Aquametry : (Record no. 69492)
[ view plain ]
| 000 -LEADER | |
|---|---|
| fixed length control field | 00873nam a2200253 a 4500 |
| 001 - CONTROL NUMBER | |
| control field | 69492 |
| 003 - CONTROL NUMBER IDENTIFIER | |
| rucl marc code | BD-RjUL |
| 005 - DATE AND TIME OF LATEST TRANSACTION | |
| control field | 20211209081909.0 |
| 008 - FIXED-LENGTH DATA ELEMENTS--GENERAL INFORMATION | |
| fixed length control field | 170412s1960 enka 001 0 eng d |
| 035 ## - SYSTEM CONTROL NUMBER | |
| System control number | (BD-RjUL)69704 |
| 040 ## - CATALOGING SOURCE | |
| Original cataloging agency | NLM |
| Transcribing agency | NLM |
| Modifying agency | BD-RjUL |
| Language of cataloging | eng |
| 041 ## - LANGUAGE CODE | |
| Language code of text/sound track or separate title | eng |
| 082 ## - DEWEY DECIMAL CLASSIFICATION NUMBER | |
| Classification number | 546.22 |
| Edition number | 23 |
| Author mark and year | MIA 1960 |
| 100 1# - MAIN ENTRY--PERSONAL NAME | |
| Personal name | Mitchell, John, |
| Dates associated with a name | 1913-1996 |
| 9 (RLIN) | 205836 |
| 245 10 - TITLE STATEMENT | |
| Title | Aquametry : |
| Remainder of title | application of the Karl Fischer reagent to quantitative analyses involving water / |
| Statement of responsibility, etc. | [by] John Mitchell, Jr., and Donald Milton Smith. |
| 260 ## - PUBLICATION, DISTRIBUTION, ETC. (IMPRINT) | |
| Place of publication, distribution, etc. | New York : |
| Name of publisher, distributor, etc. | Interscience Publishers, |
| Date of publication, distribution, etc. | c1948 [reprinting 1960]. |
| 300 ## - PHYSICAL DESCRIPTION | |
| Pagination | xi, 444 p. : |
| Illustrations | ill. |
| 490 0# - SERIES STATEMENT | |
| Series statement | Chemical analysis, |
| Volume/sequential designation | v. 5 |
| 500 ## - GENERAL NOTE | |
| General note | Includes index |
| 650 #2 - SUBJECT ADDED ENTRY--TOPICAL TERM | |
| Topical term or geographic name as entry element | Water |
| General subdivision | analysis. |
| 9 (RLIN) | 204390 |
| 700 1# - ADDED ENTRY--PERSONAL NAME | |
| Personal name | Smith, Donald Milton, |
| Dates associated with a name | 1902-1983 |
| 830 ## - SERIES ADDED ENTRY--UNIFORM TITLE | |
| Uniform title | Chemical analysis, |
| Volume number/sequential designation | v. 5 |
| 942 ## - ADDED ENTRY ELEMENTS (KOHA) | |
| Source of classification or shelving scheme | Dewey Decimal Classification |
| Koha item type | Books |
| Lost status | Source of classification or shelving scheme | Damaged status | Not for loan | Collection code | Permanent Location | Current Location | Shelving location | Date acquired | Source of acquisition | Cost, normal purchase price | Total Checkouts | Full call number | Date last seen | Copy number | Koha item type |
|---|---|---|---|---|---|---|---|---|---|---|---|---|---|---|---|
| Dewey Decimal Classification | Not For Loan | Non-fiction | Central Library, University of Rajshahi | Central Library, University of Rajshahi | Reading Room | 31/01/1963 | Zeitlinger | 94.00 | 546.22 MIA 1960 | 12/04/2017 | C-1 | Books | |||
| Dewey Decimal Classification | Non-fiction | Central Library, University of Rajshahi | Central Library, University of Rajshahi | 31/01/1963 | Zeitlinger | 94.00 | 546.22 MIA 1960 | 01/06/2017 | C-2 | Books |